| 000 | 00430cam a2200169u 4500 | ||
|---|---|---|---|
| 001 | tmp82065739 | ||
| 003 | DLC | ||
| 005 | 20260227112752.0 | ||
| 008 | 891002s1897 xx 000 0 eng | ||
| 010 | _atmp82065739 | ||
| 040 |
_aDLC _cCarP _dDLC |
||
| 050 | 0 | 0 |
_aTJ900 _b.W42 |
| 100 | 1 |
_aWeisbach, Julius Ludwig, _d1806-1871. |
|
| 245 | 1 | 4 | _aThe mechanics of pumping machinery ... |
| 260 |
_a[n.p.] _c1897. |
||
| 300 |
_a1 v. _ccm. |
||
| 999 |
_c91002 _d91002 |
||